Guantánamo Bay Prisoners' Nationalities - Statistics

General Stats
  • This quiz has been taken 235 times
  • The average score is 20 of 31
Answer Stats
Number Country % Correct
1 United States
90%
9 United Kingdom
89%
1 Iraq
87%
50 Afghanistan
85%
63 Pakistan
84%
8 Russia
83%
2 Syria
83%
5 Egypt
82%
7 France
81%
108 Saudi Arabia
81%
79 Yemen
77%
10 Turkey
76%
9 Algeria
75%
19 Morocco
73%
2 Libya
72%
2 Canada
70%
1 Spain
68%
6 Jordan
65%
6 Tunisia
65%
12 Kuwait
64%
1 Qatar
64%
4 Sudan
63%
7 Bahrain
52%
2 Australia
50%
3 Tajikistan
44%
1 Sweden
40%
1 Mauritania
38%
1 Belgium
36%
1 Denmark
30%
1 Uganda
18%
1 Maldives
17%
No matching quizzes found
Score Distribution
Percent of People with Each Score
Percentile by Number Answered
Your Score History
You have not taken this quiz